000 00674nam a22001337a 4500
040 _cRUA
082 _aATM SUO 2011 B199 Or.1
100 _aSUONG KAGNA; សួង កញ្ញា.
245 _aRice farmer's perception tow ards posthavest grain losses in battambang province, ទស្សនៈកសិករទៅលើការបាត់បង់ទិន្នផលស្រូវក្រោយពេលប្រមូលផល នៅខេត្តបាត់ដំបង់.
260 _aPhnom Penh
_bRUA
_c2011
300 _ax; 57p.
_bill.
_c29cm.
856 _uhttps://drive.google.com/file/d/1p0xqv1Dycr72CQ25-OewGTV6k-VX_pde/view?usp=sharing
942 _cATM
999 _c4309
_d4309